Debt servicing problems of low-income countries, 1956-1958

Salvato in:
Dettagli Bibliografici
Autore principale: Avramovic, Dragoslav
Altri autori: Gulhati, Ravi
Natura: Libro
Pubblicazione: Baltimore : Johns Hopkins Press, c1960.
Soggetti:
Tags: Aggiungi Tag
Nessun Tag, puoi essere il primo ad aggiungerne!!

MARC

LEADER 00000cam a22000001 4500
020 |a NA  |c NA 
040 |a MUL  |b eng  |e AACR 
082 |a 332.1 AVR 
100 |a Avramovic, Dragoslav  
245 1 0 |a Debt servicing problems of low-income countries, 1956-1958  |c / Dragoslav Avramovic and Ravi Gulhati 
260 |a Baltimore :  |b Johns Hopkins Press,  |c c1960. 
300 |a 74 p. :  |b ill. ;  |c 23 cm. 
546 |a eng 
650 0 |a Loans 
650 0 |a Investments, Foreign 
700 1 |a Gulhati, Ravi  
942 |c BK 
999 |c 8186  |d 8186